Centralizace obchodních sítí a jejích vliv na výkon
Základné štádiá centralizácie obchodnej siete a posúdenie jej vplyvu na obchodný výkon, vyjadrený celkovým obratom z obchodnej činnosti,v odvetví finančného sprostredkovania. Model centralizácie obchodnej siete.
Guardado en:
| Autor principal: | |
|---|---|
| Formato: | Capítulo de libro |
| Lenguaje: | checo |
| Materias: | |
| Etiquetas: |
Sin Etiquetas, Sea el primero en etiquetar este registro!
|
MARC
| LEADER | 00000naa a2200000 4500 | ||
|---|---|---|---|
| 001 | 0196336 | ||
| 005 | 20231107080452.8 | ||
| 041 | 0 | |a cze | |
| 044 | |a SK | ||
| 245 | 1 | 0 | |a Centralizace obchodních sítí a jejích vliv na výkon |c Jiří Šindelář |
| 520 | |a Základné štádiá centralizácie obchodnej siete a posúdenie jej vplyvu na obchodný výkon, vyjadrený celkovým obratom z obchodnej činnosti,v odvetví finančného sprostredkovania. Model centralizácie obchodnej siete. | ||
| 610 | 2 | 0 | |a siete obchodné |
| 610 | 2 | 0 | |a centralizácia |
| 610 | 2 | 0 | |a obchod |
| 610 | 2 | 0 | |a výkony podnikové |
| 100 | 1 | |a Šindelář, Jiří | |